World Economic Outlook, October 2019 : Global Manufacturing Downturn, Rising Trade Barriers.

Global growth is forecast at 3.0 percent for 2019, its lowest level since 2008-09 and a 0.3 percentage point downgrade from the April 2019 World Economic Outlook.

Dettagli Bibliografici
Ente Autore: International Monetary Fund. Research Dept
Natura: Periodico
Lingua:English
Pubblicazione: Washington, D.C. : International Monetary Fund, 2019.
Serie:World Economic Outlook; World Economic Outlook ; No. 2019/002
Accesso online:Full text available on IMF
LEADER 01397cas a2200253 a 4500
001 AALejournalIMF020749
008 230101c9999 xx r poo 0 0eng d
020 |c 50.00 USD 
020 |z 9781513520452 
022 |a 1999-8058 
040 |a BD-DhAAL  |c BD-DhAAL 
110 2 |a International Monetary Fund.  |b Research Dept. 
240 1 0 |a World Economic Outlook, October 2019: Global Manufacturing Downturn, Rising Trade Barriers.  |l Russian 
245 1 0 |a World Economic Outlook, October 2019 :   |b Global Manufacturing Downturn, Rising Trade Barriers. 
264 1 |a Washington, D.C. :  |b International Monetary Fund,  |c 2019. 
300 |a 1 online resource (208 pages) 
490 1 |a World Economic Outlook 
500 |a <strong>Off-Campus Access:</strong> No User ID or Password Required 
500 |a <strong>On-Campus Access:</strong> No User ID or Password Required 
506 |a Electronic access restricted to authorized BRAC University faculty, staff and students 
520 3 |a Global growth is forecast at 3.0 percent for 2019, its lowest level since 2008-09 and a 0.3 percentage point downgrade from the April 2019 World Economic Outlook. 
538 |a Mode of access: Internet 
830 0 |a World Economic Outlook; World Economic Outlook ;  |v No. 2019/002 
856 4 0 |z Full text available on IMF  |u http://elibrary.imf.org/view/books/081/28248-9781513520452-ru/28248-9781513520452-ru-book.xml  |z IMF e-Library